Datos mas salientes registrados en el Observatorio Meteorológico de Santa Cruz de Tenerife / (Record no. 150837)

MARC details
000 -LEADER
campo de control de longitud fija 00685nam a2200193 i 4500
001 - NÚMERO DE CONTROL
campo de control 150837
003 - IDENTIFICADOR DE NÚMERO DE CONTROL
campo de control ES-MaACL
005 - FECHA Y HORA DE LA ÚLTIMA TRANSACCIÓN
campo de control 20230906203724.0
007 - CAMPO FIJO DE DESCRIPCIÓN FÍSICA--INFORMACIÓN GENERAL
campo de control de longitud fija t|
008 - DATOS DE LONGITUD FIJA--INFORMACIÓN GENERAL
campo de control de longitud fija 071114q19301939sp ||||1| spa d
100 1# - ENTRADA PRINCIPAL--NOMBRE DE PERSONA
Nombre de persona Botella, Miguel.
9 (RLIN) 30749
245 10 - MENCIÓN DEL TÍTULO
Título Datos mas salientes registrados en el Observatorio Meteorológico de Santa Cruz de Tenerife /
Mención de responsabilidad, etc. por Miguel Botella.
260 ## - PUBLICACIÓN, DISTRIBUCIÓN, ETC.
Lugar de publicación, distribución, etc. Tenerife :
Nombre del editor, distribuidor, etc. [s.n.,
Fecha de publicación, distribución, etc. 193-?] (
Fabricante Imp. Angel Romero)
300 ## - DESCRIPCIÓN FÍSICA
Extensión 8 h. ;
Dimensiones 22 cm.
490 1# - MENCIÓN DE SERIE
Mención de serie Publicaciones de la Sección Insular de Fomento y Turismo
830 0# - PUNTO DE ACCESO ADICIONAL DE SERIE-TÍTULO UNIFORME
Título uniforme Publicaciones de la Sección Insular de Fomento y Turismo
9 (RLIN) 221175
852 ## - LOCALIZACIÓN
Ubicación ES-MaACL
Número de control de estantería 1809-F-9
Holdings
Estatus retirado Estado de pérdida Estado de daño No para préstamo Colección Biblioteca de origen Biblioteca actual Ubicación en estantería Fecha de adquisición Fuente de adquisición Total de préstamos Signatura topográfica completa Código de barras Visto por última vez Precio de reemplazo Tipo de ítem Koha
        Colección de folletos Biblioteca del Ateneo de Madrid Biblioteca del Ateneo de Madrid Depósito folletos 17/01/2008     1809-F-9 1157394 23/02/2023 23/02/2023 Folleto